000 00804nam a22002657a 4500
003 CHAP
005 20220329133650.0
008 971013s1992 r 00010 d
010 _a9212
011 _a10184
035 _a9421
040 _cCHAP
082 _a584.5
_bH6
100 0 0 _aHodel, Donald R.
_955733
245 _aChamaedorea palms
_b: the species and their cultivation
260 _aLawrence, Kansas :
_bThe International Palm Society,
_c1992
300 _a338 p.
_b: ilus
590 _aBATCH-UPD
_b10
_c20130110
_lUCH01
_h0258
590 _aBATCH-UPD
_b10
_c20130110
_lUCH01
_h2141
590 _aCONVERSION
_b10
_c20130109
_lUCH01
_h1306
650 1 4 _aPalma camedor.
_984941
901 _aBK
942 _cLIBRO
949 _a584.5 H6
_bBC
_cC
_d33724000525630
_eC
_gI. 169922
_h85623
_i9421
_si
_t188.00
999 _c9212
_d9212